| 000 | 01093nam0a22002651 4500 | ||
|---|---|---|---|
| 001 | rc\2599405 | ||
| 005 | 20250623130549.0 | ||
| 035 | _a(NLR Aleph) 006763502 | ||
| 090 |
_a5869309 _c5869309 |
||
| 100 | _a20110914d1930 |||y0rusy50 ca | ||
| 101 | 0 | _arus | |
| 102 | _aRU | ||
| 105 | _aa z ||||| | ||
| 200 | 1 |
_aМагнезит _fН. А. Дюкалов |
|
| 210 |
_aМосква _cВсесоюзно-Зап. торг. палата _d1930 _eЛенинград _gгос. тип. им. Евг. Соколовой |
||
| 215 |
_a78 с., [2] с. объявл. _cграф., схем. _d18х13 см. |
||
| 225 | 1 |
_aТовары второстепенного экспорта СССР _fВсесоюзно-Зап. торг. палата. Под ред. проф. Я. М. Букшпана |
|
| 320 | _aБиблиография: "Библиография" (на 4 страницах) | ||
| 700 | 1 |
_aДюкалов _bН.А. _gНиколай Александрович |
|
| 801 | 0 |
_aRU _bNLR _gpsbo |
|
| 801 | 1 |
_aRU _bELAR _2rusmarc |
|
| 852 |
_aNLR _j30.9/591 |
||
| 942 | _cBOOK | ||
| 980 | _aNB | ||